| 000 | 00664nam a2200181Ia 4500 | ||
|---|---|---|---|
| 003 | GCL | ||
| 008 | 140319s9999 xx 000 0 ara d | ||
| 040 |
_aGCL / _cGCL |
||
| 082 | 0 | 4 |
_a811.009 _bم ح |
| 245 | 1 | 0 | _aالحياة العاطفية بين العذرية والصوفية: دراسات نقد ومقارنة حول موضوع ليلى والمجنون فى الادبين العربى والفارسى |
| 300 | _a311 ص | ||
| 490 |
_aمن مسائل الادب المقارن _v0 |
||
| 650 | 0 | 4 | _aالشعر العربى |
| 650 | 0 | 4 | _aالادب العربى |
| 650 | 0 | 4 | _aالعصر الجاهلى |
| 650 | 0 | 4 | _aتاريخ ونقد |
| 942 |
_2ddc _cBK |
||
| 999 |
_c43064 _d43064 |
||